[Event "DVM U14 2021"]
[Site "Willingen GER"]
[Date "2022.08.13"]
[Round "2"]
[White "Stiehl, Richard"]
[Black "Huber, Laura"]
[Result "1/2-1/2"]
[Termination "normal"]
[Board "8.4"]
[WhiteElo "1272"]
[BlackElo "1302"]
[WhiteClock "00:02:37"]
[BlackClock "00:03:56"]
[WhiteTeam "SV Multatuli Ingelheim"]
[BlackTeam "FC Ergolding 1932"]
[PlyCount "69"]
[WhiteFideId "16298063"]
[BlackFideId "16270940"]
[EventCountry "GER"]
[EventRounds "7"]
[EventType "team-swiss"]
[EventDate "2022.08.12"]

1. e4 {[%clk 01:30:59]} {[%emt 02:22:26]} e5 {[%clk 01:30:57]} {[%emt
00:00:05]} 2. Nf3 {[%clk 01:31:24]} {[%emt 00:00:04]} Nc6 {[%clk 01:31:18]}
{[%emt 00:00:09]} 3. Bc4 {[%clk 01:31:48]} {[%emt 00:00:05]} Bc5 {[%clk
01:31:44]} {[%emt 00:00:04]} 4. d3 {[%clk 01:31:46]} {[%emt 00:00:32]} d6
{[%clk 01:32:07]} {[%emt 00:00:08]} 5. h3 {[%clk 01:31:19]} {[%emt 00:00:57]}
Na5 {[%clk 01:32:21]} {[%emt 00:00:16]} 6. Bb3 {[%clk 01:31:39]} {[%emt
00:00:09]} Nxb3 {[%clk 01:32:48]} {[%emt 00:00:04]} 7. axb3 {[%clk 01:32:04]}
{[%emt 00:00:05]} Be6 {[%clk 01:33:02]} {[%emt 00:00:16]} 8. Nc3 {[%clk
01:31:03]} {[%emt 00:01:31]} a6 {[%clk 01:29:51]} {[%emt 00:03:41]} 9. Ne2
{[%clk 01:28:53]} {[%emt 00:02:39]} Ne7 {[%clk 01:21:45]} {[%emt 00:08:36]} 10.
Bd2 {[%clk 01:25:02]} {[%emt 00:04:20]} f5 {[%clk 01:17:25]} {[%emt 00:04:50]}
11. b4 {[%clk 01:13:50]} {[%emt 00:11:43]} Bb6 {[%clk 01:14:48]} {[%emt
00:03:06]} 12. Nc3 {[%clk 01:11:39]} {[%emt 00:02:41]} O-O {[%clk 01:10:49]}
{[%emt 00:04:29]} 13. Ng5 {[%clk 01:03:49]} {[%emt 00:08:20]} Bd7 {[%clk
01:09:48]} {[%emt 00:01:32]} 14. Na4 {[%clk 01:00:34]} {[%emt 00:03:45]} Ba7
{[%clk 01:08:47]} {[%emt 00:01:31]} 15. c4 {[%clk 00:58:03]} {[%emt 00:03:01]}
fxe4 {[%clk 01:03:10]} {[%emt 00:06:07]} 16. Nxe4 {[%clk 00:57:03]} {[%emt
00:01:29]} Bc6 {[%clk 00:52:15]} {[%emt 00:11:25]} 17. Nac3 {[%clk 00:55:04]}
{[%emt 00:02:30]} Ng6 {[%clk 00:39:13]} {[%emt 00:13:33]} 18. O-O {[%clk
00:50:42]} {[%emt 00:04:51]} Nf4 {[%clk 00:36:41]} {[%emt 00:03:02]} 19. Be3
{[%clk 00:42:41]} {[%emt 00:08:32]} Bd7 {[%clk 00:28:38]} {[%emt 00:08:33]} 20.
Kh2 {[%clk 00:30:57]} {[%emt 00:12:13]} Qh4 {[%clk 00:26:21]} {[%emt 00:02:47]}
21. Bxf4 {[%clk 00:27:52]} {[%emt 00:03:35]} Qxf4+ {[%clk 00:26:18]} {[%emt
00:00:33]} 22. g3 {[%clk 00:27:31]} {[%emt 00:00:51]} Qh6 {[%clk 00:25:11]}
{[%emt 00:01:37]} 23. h4 {[%clk 00:25:33]} {[%emt 00:02:28]} Qe6 {[%clk
00:21:46]} {[%emt 00:03:55]} 24. Ng5 {[%clk 00:19:09]} {[%emt 00:06:54]} Qg4
{[%clk 00:17:32]} {[%emt 00:04:44]} 25. Qxg4 {[%clk 00:13:19]} {[%emt
00:06:21]} Bxg4 {[%clk 00:18:01]} 26. f3 {[%clk 00:13:38]} {[%emt 00:00:11]}
Bf5 {[%clk 00:17:43]} {[%emt 00:00:48]} 27. Nge4 {[%clk 00:12:03]} {[%emt
00:02:04]} Bd4 {[%clk 00:16:26]} {[%emt 00:01:47]} 28. g4 {[%clk 00:09:08]}
{[%emt 00:03:24]} Be6 {[%clk 00:16:05]} {[%emt 00:00:51]} 29. Ra2 {[%clk
00:08:56]} {[%emt 00:00:42]} Bxg4 {[%clk 00:14:19]} {[%emt 00:02:16]} 30. Kg3
{[%clk 00:09:01]} {[%emt 00:00:25]} Be6 {[%clk 00:14:15]} {[%emt 00:00:34]} 31.
Rfa1 {[%clk 00:07:47]} {[%emt 00:01:44]} Rac8 {[%clk 00:08:15]} {[%emt
00:06:30]} 32. b5 {[%clk 00:06:28]} {[%emt 00:01:49]} axb5 {[%clk 00:08:24]}
{[%emt 00:00:21]} 33. Nxb5 {[%clk 00:06:50]} {[%emt 00:00:08]} Bb6 {[%clk
00:08:27]} {[%emt 00:00:27]} 34. Rc1 {[%clk 00:05:37]} {[%emt 00:01:43]} d5
{[%clk 00:03:56]} {[%emt 00:05:02]} 35. Ng5 {[%clk 00:02:37]} {[%emt 00:03:29]}
1/2-1/2

[Event "DVM U14 2021"]
[Site "Willingen GER"]
[Date "2022.08.13"]
[Round "2"]
[White "Liu, Leon"]
[Black "Walter, Romeo"]
[Result "1/2-1/2"]
[Termination "normal"]
[Board "9.3"]
[WhiteElo "1256"]
[BlackElo "1197"]
[WhiteClock "00:01:52"]
[BlackClock "00:30:41"]
[WhiteTeam "Karlsruher SF 1853"]
[BlackTeam "SC Ostfildern 1952"]
[PlyCount "130"]
[WhiteFideId "16275047"]
[BlackFideId "16275055"]
[EventCountry "GER"]
[EventRounds "7"]
[EventType "team-swiss"]
[EventDate "2022.08.12"]

1. e4 {[%clk 01:30:47]} {[%emt 00:00:06]} c6 {[%clk 01:31:20]} 2. d4 {[%clk
01:31:12]} d5 {[%clk 01:31:47]} 3. exd5 {[%clk 01:31:36]} cxd5 {[%clk
01:32:08]} 4. Bd3 {[%clk 01:31:44]} Nc6 {[%clk 01:32:33]} 5. c3 {[%clk
01:32:07]} Nf6 {[%clk 01:32:47]} 6. h3 {[%clk 01:30:08]} Qc7 {[%clk 01:32:22]}
7. Nf3 {[%clk 01:30:13]} e5 {[%clk 01:31:16]} 8. dxe5 {[%clk 01:18:43]} Ne4
{[%clk 01:30:22]} 9. Qe2 {[%clk 01:16:12]} Bf5 {[%clk 01:24:00]} 10. Nh4 {[%clk
01:10:37]} Bg6 {[%clk 01:22:14]} 11. Nxg6 {[%clk 01:11:03]} hxg6 {[%clk
01:22:26]} 12. Bxe4 {[%clk 01:11:27]} dxe4 {[%clk 01:22:47]} 13. Qxe4 {[%clk
01:11:30]} Qxe5 {[%clk 01:23:12]} 14. Qxe5+ {[%clk 01:11:55]} Nxe5 {[%clk
01:13:14]} 15. O-O {[%clk 01:12:06]} O-O-O {[%clk 01:13:24]} 16. Be3 {[%clk
01:11:38]} b6 {[%clk 01:11:48]} 17. Nd2 {[%clk 01:00:58]} Be7 {[%clk 01:09:55]}
18. Rad1 {[%clk 00:58:33]} f5 {[%clk 01:09:11]} 19. Rfe1 {[%clk 00:50:14]}
{[%emt 01:15:57]} Bf6 {[%clk 01:08:52]} 20. Bd4 {[%clk 00:43:23]} Rhe8 {[%clk
01:05:45]} 21. f4 {[%clk 00:38:03]} Nd7 {[%clk 01:02:47]} 22. Nc4 {[%clk
00:34:15]} Bxd4+ {[%clk 01:03:01]} 23. cxd4 {[%clk 00:31:56]} Rxe1+ {[%clk
01:03:11]} 24. Rxe1 {[%clk 00:26:52]} Nf8 {[%clk 00:58:57]} 25. Rd1 {[%clk
00:27:02]} Ne6 {[%clk 00:46:45]} 26. Ne5 {[%clk 00:20:29]} Nxf4 {[%clk
00:45:00]} 27. Kf2 {[%clk 00:15:03]} Rd6 {[%clk 00:41:34]} 28. Kf3 {[%clk
00:15:04]} Ne6 {[%clk 00:36:13]} 29. d5 {[%clk 00:13:27]} Nc7 {[%clk 00:35:05]}
30. Nc6 {[%clk 00:10:44]} a5 {[%clk 00:30:10]} 31. Kf4 {[%clk 00:08:15]} Nxd5+
{[%clk 00:29:51]} 32. Rxd5 {[%clk 00:08:37]} Rxc6 {[%clk 00:30:12]} 33. Rd2
{[%clk 00:04:49]} Rf6 {[%clk 00:25:55]} 34. Kg5 {[%clk 00:04:00]} Kc7 {[%clk
00:25:09]} 35. h4 {[%clk 00:01:55]} Re6 {[%clk 00:19:27]} 36. h5 {[%clk
00:02:10]} gxh5 {[%clk 00:19:53]} 37. Kxf5 {[%clk 00:01:35]} Rc6 {[%clk
00:19:27]} 38. Kg5 {[%clk 00:01:12]} Rh6 {[%clk 00:19:29]} 39. Rf2 {[%clk
00:00:38]} Rd6 {[%clk 00:19:02]} 40. Kxh5 {[%clk 00:00:54]} Kc6 {[%clk
00:18:02]} 41. g4 {[%clk 00:23:26]} b5 {[%clk 00:44:34]} 42. Rc2+ {[%clk
00:20:42]} Kb6 {[%clk 00:42:45]} 43. g5 {[%clk 00:18:29]} b4 {[%clk 00:41:05]}
44. Kg4 {[%clk 00:13:30]} a4 {[%clk 00:39:09]} 45. Kf5 {[%clk 00:10:48]} Kb5
{[%clk 00:37:51]} 46. Ke5 {[%clk 00:10:28]} Rg6 {[%clk 00:38:17]} 47. Kf5
{[%clk 00:10:51]} Rd6 {[%clk 00:37:20]} 48. Re2 {[%clk 00:09:40]} Kc4 {[%clk
00:37:33]} 49. Re4+ {[%clk 00:09:24]} Kc5 {[%clk 00:37:16]} 50. Re5+ {[%clk
00:09:46]} Kc4 {[%clk 00:37:28]} 51. Ra5 {[%clk 00:04:33]} b3 {[%clk 00:37:37]}
52. Rxa4+ {[%clk 00:03:46]} Kd5 {[%clk 00:37:55]} 53. axb3 {[%clk 00:04:09]} g6
{[%clk 00:38:12]} 54. Kf4 {[%clk 00:03:42]} Rb6 {[%clk 00:37:23]} 55. b4 {[%clk
00:03:55]} Kc4 {[%clk 00:36:32]} 56. Ke5 {[%clk 00:01:59]} Kb5 {[%clk
00:35:56]} 57. Ra3 {[%clk 00:02:11]} Kc6 {[%clk 00:36:20]} 58. Rf3 {[%clk
00:02:30]} Kd7 {[%clk 00:36:25]} 59. Rf6 {[%clk 00:02:49]} Rb5+ {[%clk
00:36:46]} 60. Kf4 {[%clk 00:03:12]} Rxb4+ {[%clk 00:36:12]} 61. Ke3 {[%clk
00:02:03]} Ke7 {[%clk 00:33:22]} 62. Rxg6 {[%clk 00:02:23]} Kf7 {[%clk
00:33:48]} 63. Rf6+ {[%clk 00:01:47]} Kg7 {[%clk 00:30:15]} 64. Ra6 {[%clk
00:01:46]} Rxb2 {[%clk 00:30:41]} 65. Kf4 {[%clk 00:01:52]} Rb5 *

[Event "DVM U14 2021"]
[Site "Willingen GER"]
[Date "2022.08.14"]
[Round "3"]
[White "Aravindan, Midhulan"]
[Black "Fuhrmann, Bahne"]
[Result "0-1"]
[Termination "normal"]
[Board "1.1"]
[WhiteElo "1642"]
[BlackElo "2079"]
[WhiteClock "00:18:49"]
[BlackClock "00:13:00"]
[WhiteTeam "Schachgemeinschaft Porz"]
[BlackTeam "Hamburger SK 1830"]
[PlyCount "48"]
[WhiteFideId "16237250"]
[BlackFideId "16244842"]
[EventCountry "GER"]
[EventRounds "7"]
[EventType "team-swiss"]
[EventDate "2022.08.12"]

1. e4 {[%clk 01:30:56]} {[%emt 00:00:05]} e5 {[%clk 01:31:21]} 2. Nf3 {[%clk
01:31:23]} Nc6 {[%clk 01:31:45]} 3. Bb5 {[%clk 01:31:49]} a6 {[%clk 01:32:10]}
4. Bxc6 {[%clk 01:32:15]} dxc6 {[%clk 01:32:32]} 5. O-O {[%clk 01:32:35]} Qf6
{[%clk 01:32:34]} 6. d3 {[%clk 01:32:59]} Ne7 {[%clk 01:32:12]} 7. Be3 {[%clk
01:23:00]} Bd7 {[%clk 01:31:07]} 8. Nbd2 {[%clk 01:22:39]} Ng6 {[%clk
01:24:03]} 9. Nc4 {[%clk 01:19:10]} c5 {[%clk 01:21:57]} 10. c3 {[%clk
01:11:28]} Bg4 {[%clk 01:07:22]} 11. Qb3 {[%clk 00:55:25]} Bxf3 {[%clk
01:02:05]} 12. Qxb7 {[%clk 00:55:38]} Rd8 {[%clk 00:58:37]} 13. gxf3 {[%clk
00:53:40]} Nh4 {[%clk 00:54:19]} 14. Rfd1 {[%clk 00:50:51]} Be7 {[%clk
00:49:59]} 15. Qxc7 {[%clk 00:47:22]} O-O {[%clk 00:36:49]} 16. f4 {[%clk
00:36:40]} Rc8 {[%clk 00:30:35]} 17. Qd7 {[%clk 00:36:35]} exf4 {[%clk
00:28:52]} 18. Bxf4 {[%clk 00:36:21]} Qxf4 {[%clk 00:29:07]} 19. Qxe7 {[%clk
00:21:49]} Rc6 {[%clk 00:22:10]} 20. Kf1 {[%clk 00:18:57]} Ng6 {[%clk
00:17:19]} 21. Qa7 {[%clk 00:18:28]} Qf3 {[%clk 00:14:05]} 22. Ke1 {[%clk
00:18:32]} Nf4 {[%clk 00:12:51]} 23. Kd2 {[%clk 00:18:49]} Qxd3+ {[%clk
00:13:00]} 24. Kc1 Ne2# {[%emt 02:52:41]} 0-1

[Event "DVM U14 2021"]
[Site "Willingen GER"]
[Date "2022.08.14"]
[Round "3"]
[White "Krüger, Arthur"]
[Black "Bolz, Jannis"]
[Result "1/2-1/2"]
[Termination "normal"]
[Board "1.2"]
[WhiteElo "1996"]
[BlackElo "1616"]
[WhiteClock "00:33:56"]
[BlackClock "00:21:37"]
[WhiteTeam "Hamburger SK 1830"]
[BlackTeam "Schachgemeinschaft Porz"]
[PlyCount "46"]
[WhiteFideId "16244966"]
[BlackFideId "16214897"]
[EventCountry "GER"]
[EventRounds "7"]
[EventType "team-swiss"]
[EventDate "2022.08.12"]

1. e4 {[%clk 01:30:55]} {[%emt 00:00:04]} d5 {[%clk 01:30:57]} {[%emt
00:00:03]} 2. exd5 {[%clk 01:31:05]} {[%emt 00:00:20]} Qxd5 {[%clk 01:31:21]}
{[%emt 00:00:06]} 3. Nc3 {[%clk 01:31:20]} {[%emt 00:00:15]} Qd8 {[%clk
01:31:46]} {[%emt 00:00:04]} 4. d4 {[%clk 01:30:59]} {[%emt 00:00:52]} Nf6
{[%clk 01:32:08]} {[%emt 00:00:08]} 5. Nf3 {[%clk 01:30:55]} {[%emt 00:00:30]}
g6 {[%clk 01:31:42]} {[%emt 00:01:00]} 6. Bf4 {[%clk 01:29:02]} {[%emt
00:02:21]} Bg7 {[%clk 01:31:58]} {[%emt 00:00:15]} 7. Qd2 {[%clk 01:28:54]}
{[%emt 00:00:39]} O-O {[%clk 01:20:35]} {[%emt 00:11:53]} 8. O-O-O {[%clk
01:27:23]} {[%emt 00:02:00]} a6 {[%clk 01:19:07]} {[%emt 00:01:59]} 9. h3
{[%clk 01:25:44]} {[%emt 00:02:09]} b5 {[%clk 01:17:02]} {[%emt 00:02:35]} 10.
g4 {[%clk 01:21:48]} {[%emt 00:04:25]} Bb7 {[%clk 01:16:50]} {[%emt 00:00:42]}
11. Bg2 {[%clk 01:21:51]} {[%emt 00:00:27]} Nbd7 {[%clk 01:08:49]} {[%emt
00:08:32]} 12. Ne1 {[%clk 01:13:42]} {[%emt 00:08:39]} Bxg2 {[%clk 00:59:25]}
{[%emt 00:09:53]} 13. Nxg2 {[%clk 01:13:34]} {[%emt 00:00:37]} e6 {[%clk
00:58:25]} {[%emt 00:01:32]} 14. f3 {[%clk 01:10:38]} {[%emt 00:03:26]} Qc8
{[%clk 00:54:34]} {[%emt 00:04:21]} 15. h4 {[%clk 01:06:33]} {[%emt 00:04:34]}
h5 {[%clk 00:47:48]} {[%emt 00:07:17]} 16. gxh5 {[%clk 01:04:08]} {[%emt
00:02:55]} Nxh5 {[%clk 00:47:57]} {[%emt 00:00:20]} 17. Bh6 {[%clk 01:04:22]}
{[%emt 00:00:16]} Qb7 {[%clk 00:42:19]} {[%emt 00:06:09]} 18. Bxg7 {[%clk
01:03:13]} {[%emt 00:01:38]} Kxg7 {[%clk 00:42:39]} {[%emt 00:00:10]} 19. Ne4
{[%clk 00:59:22]} {[%emt 00:04:21]} Ndf6 {[%clk 00:31:49]} {[%emt 00:11:21]}
20. Nf4 {[%clk 00:57:53]} {[%emt 00:01:58]} Rh8 {[%clk 00:31:16]} {[%emt
00:01:04]} 21. Ng5 {[%clk 00:43:39]} {[%emt 00:14:43]} Qc6 {[%clk 00:24:44]}
{[%emt 00:07:03]} 22. Nxh5+ {[%clk 00:34:36]} {[%emt 00:09:33]} Rxh5 {[%clk
00:23:17]} {[%emt 00:01:56]} 23. Qf4 {[%clk 00:33:56]} {[%emt 00:01:10]} Qd6
{[%clk 00:21:37]} {[%emt 00:02:11]} 1/2-1/2

[Event "DVM U14 2021"]
[Site "Willingen GER"]
[Date "2022.08.14"]
[Round "3"]
[White "Bungarten, Jona"]
[Black "von Beckh, Frieda"]
[Result "1-0"]
[Termination "normal"]
[Board "2.1"]
[WhiteElo "2012"]
[BlackElo "1548"]
[WhiteClock "00:23:06"]
[BlackClock "00:48:33"]
[WhiteTeam "SF Brackel 1930"]
[BlackTeam "SK Bad Homburg 1927"]
[PlyCount "95"]
[WhiteFideId "16223608"]
[BlackFideId "16233751"]
[EventCountry "GER"]
[EventRounds "7"]
[EventType "team-swiss"]
[EventDate "2022.08.12"]

1. e4 {[%clk 01:30:53]} {[%emt 00:00:02]} c5 {[%clk 01:31:11]} 2. d4 {[%clk
01:31:17]} cxd4 {[%clk 01:31:36]} 3. c3 {[%clk 01:31:42]} dxc3 {[%clk
01:32:01]} 4. Nxc3 {[%clk 01:32:07]} Nc6 {[%clk 01:32:14]} 5. Nf3 {[%clk
01:32:31]} d6 {[%clk 01:31:52]} 6. Bc4 {[%clk 01:32:56]} e6 {[%clk 01:32:11]}
7. O-O {[%clk 01:33:20]} Nf6 {[%clk 01:32:10]} 8. Qe2 {[%clk 01:33:22]} Be7
{[%clk 01:32:33]} 9. Rd1 {[%clk 01:33:46]} e5 {[%clk 01:30:07]} 10. Be3 {[%clk
01:33:09]} Bg4 {[%clk 01:28:47]} 11. Rd2 {[%clk 01:30:03]} O-O {[%clk
01:28:24]} 12. Rad1 {[%clk 01:24:20]} a6 {[%clk 01:28:29]} 13. h3 {[%clk
01:18:51]} Bh5 {[%clk 01:27:02]} 14. g4 {[%clk 01:18:56]} Bg6 {[%clk 01:25:51]}
15. Bg5 {[%clk 00:55:59]} b5 {[%clk 01:24:57]} 16. Bxf6 {[%clk 00:48:39]} Bxf6
{[%clk 01:24:13]} 17. Rxd6 {[%clk 00:47:51]} Qc7 {[%clk 01:21:22]} 18. Rd7
{[%clk 00:41:12]} Qc8 {[%clk 01:07:03]} 19. Nd5 {[%clk 00:35:41]} Nd4 {[%clk
01:02:58]} 20. Nxd4 {[%clk 00:34:33]} Qxd7 {[%clk 01:02:16]} 21. Nxb5 {[%clk
00:33:16]} Qc6 {[%clk 00:56:17]} 22. Nxf6+ {[%clk 00:32:00]} Qxf6 {[%clk
00:56:22]} 23. Nc7 {[%clk 00:27:18]} Rac8 {[%clk 00:56:39]} 24. Nd5 {[%clk
00:26:49]} Qe6 {[%clk 00:56:02]} 25. Bxa6 {[%clk 00:24:37]} Rb8 {[%clk
00:55:33]} 26. Bc4 {[%clk 00:24:22]} Rfc8 {[%clk 00:55:35]} 27. b3 {[%clk
00:21:52]} Rd8 {[%clk 00:54:47]} 28. a4 {[%clk 00:21:02]} Qd6 {[%clk 00:54:45]}
29. a5 {[%clk 00:18:02]} Kf8 {[%clk 00:48:38]} 30. a6 {[%clk 00:16:43]} f6
{[%clk 00:45:44]} 31. g5 {[%clk 00:15:07]} Bf7 {[%clk 00:46:01]} 32. gxf6
{[%clk 00:15:22]} gxf6 {[%clk 00:44:43]} 33. Qe3 {[%clk 00:13:56]} Kg7 {[%clk
00:44:45]} 34. Kh2 {[%clk 00:13:33]} Kh8 {[%clk 00:29:42]} 35. Kh1 {[%clk
00:12:27]} Bxd5 {[%clk 00:29:01]} 36. Rxd5 {[%clk 00:08:42]} Qc7 {[%clk
00:28:40]} 37. a7 {[%clk 00:06:22]} Ra8 {[%clk 00:28:47]} 38. Rxd8+ {[%clk
00:06:22]} Rxd8 {[%clk 00:28:55]} 39. Bd5 {[%clk 00:06:14]} Qa5 {[%clk
00:21:35]} 40. b4 {[%clk 00:00:44]} Qa4 {[%clk 00:20:55]} 41. a8=Q {[%clk
00:00:53]} Rxa8 {[%clk 00:21:22]} 42. Bxa8 {[%clk 00:01:15]} Qxa8 {[%clk
00:21:02]} 43. b5 {[%clk 00:28:25]} f5 {[%clk 00:50:34]} 44. b6 {[%clk
00:27:58]} fxe4 {[%clk 00:49:58]} 45. Kh2 {[%clk 00:26:35]} Qd5 {[%clk
00:48:51]} 46. Qc3 {[%clk 00:25:07]} e3 {[%clk 00:48:38]} 47. Qxe3 {[%clk
00:23:06]} e4 {[%clk 00:48:33]} 48. Qf4 1-0

[Event "DVM U14 2021"]
[Site "Willingen GER"]
[Date "2022.08.14"]
[Round "3"]
[White "Schwartz, Oliver"]
[Black "Malinowsky, Levi"]
[Result "1/2-1/2"]
[Termination "normal"]
[Board "5.1"]
[WhiteElo "1872"]
[BlackElo "1836"]
[WhiteClock "00:13:50"]
[BlackClock "00:11:12"]
[WhiteTeam "SC Ostfildern 1952"]
[BlackTeam "SK Doppelbauer Kiel"]
[PlyCount "42"]
[WhiteFideId "16207459"]
[BlackFideId "16253094"]
[EventCountry "GER"]
[EventRounds "7"]
[EventType "team-swiss"]
[EventDate "2022.08.12"]

1. d4 {[%clk 01:30:56]} {[%emt 00:00:02]} Nf6 {[%clk 01:31:22]} 2. c4 {[%clk
01:31:17]} g6 {[%clk 01:31:38]} 3. Nc3 {[%clk 01:31:31]} d5 {[%clk 01:30:28]}
4. cxd5 {[%clk 01:31:52]} Nxd5 {[%clk 01:30:27]} 5. e4 {[%clk 01:32:15]} Nxc3
{[%clk 01:30:43]} 6. bxc3 {[%clk 01:31:42]} Bg7 {[%clk 01:30:29]} 7. Nf3 {[%clk
01:31:02]} c5 {[%clk 01:17:20]} 8. Be3 {[%clk 01:26:39]} Nc6 {[%clk 01:06:13]}
9. Qd2 {[%clk 01:22:34]} Qa5 {[%clk 00:55:19]} 10. Rd1 {[%clk 01:15:59]} Bg4
{[%clk 00:44:08]} 11. Bc4 {[%clk 01:06:38]} e6 {[%clk 00:38:32]} 12. O-O {[%clk
00:55:59]} O-O-O {[%clk 00:36:37]} 13. Qb2 {[%clk 00:48:28]} Rd7 {[%clk
00:20:28]} 14. d5 {[%clk 00:38:13]} exd5 {[%clk 00:16:38]} 15. Rxd5 {[%clk
00:33:50]} Rxd5 {[%clk 00:13:32]} 16. Bxd5 {[%clk 00:26:13]} Bxc3 {[%clk
00:13:40]} 17. Qb3 {[%clk 00:23:41]} Qb4 {[%clk 00:13:05]} 18. Bxf7 {[%clk
00:23:16]} Qxb3 {[%clk 00:13:28]} 19. axb3 {[%clk 00:21:47]} Rf8 {[%clk
00:12:52]} 20. Ng5 {[%clk 00:16:41]} b6 {[%clk 00:11:12]} 21. Bd5 {[%clk
00:13:50]} Nd4 {[%emt 03:02:15]} 1/2-1/2

[Event "DVM U14 2021"]
[Site "Willingen GER"]
[Date "2022.08.14"]
[Round "3"]
[White "Sidletskyi, Ivan"]
[Black "Helmbrecht, Paul"]
[Result "1-0"]
[Termination "normal"]
[Board "6.1"]
[WhiteElo "2075"]
[BlackElo "1661"]
[WhiteClock "00:18:14"]
[BlackClock "00:25:53"]
[WhiteTeam "SC ML Kastellaun"]
[BlackTeam "FC Ergolding 1932"]
[PlyCount "59"]
[WhiteFideId "14156024"]
[BlackFideId "16270932"]
[EventCountry "GER"]
[EventRounds "7"]
[EventType "team-swiss"]
[EventDate "2022.08.12"]

1. e4 {[%clk 01:30:56]} {[%emt 00:01:14]} e5 {[%clk 01:29:48]} 2. Nf3 {[%clk
01:31:23]} Nf6 {[%clk 01:28:54]} 3. d4 {[%clk 01:31:37]} Nxe4 {[%clk 01:27:32]}
4. Bd3 {[%clk 01:31:49]} d5 {[%clk 01:26:53]} 5. Nxe5 {[%clk 01:32:14]} Nd7
{[%clk 01:24:15]} 6. Nxd7 {[%clk 01:32:37]} Bxd7 {[%clk 01:22:00]} 7. O-O
{[%clk 01:32:29]} Bd6 {[%clk 01:18:48]} 8. Nc3 {[%clk 01:25:11]} Nxc3 {[%clk
01:19:10]} 9. bxc3 {[%clk 01:23:55]} Qh4 {[%clk 01:12:15]} 10. g3 {[%clk
01:22:12]} Qf6 {[%clk 01:05:35]} 11. Re1+ {[%clk 01:22:33]} Kf8 {[%clk
01:01:59]} 12. Rb1 {[%clk 01:06:24]} h5 {[%clk 00:55:59]} 13. h4 {[%clk
01:06:24]} Bg4 {[%clk 00:49:04]} 14. Be2 {[%clk 00:59:06]} Bf5 {[%clk
00:46:38]} 15. Bd3 {[%clk 00:58:52]} Bg4 {[%clk 00:46:16]} 16. Qd2 {[%clk
00:58:18]} Rb8 {[%clk 00:40:40]} 17. c4 {[%clk 00:50:10]} Qxd4 {[%clk
00:38:01]} 18. Bb2 {[%clk 00:50:12]} Qc5 {[%clk 00:34:13]} 19. Qg5 {[%clk
00:45:00]} d4 {[%clk 00:32:34]} 20. Qd2 {[%clk 00:34:16]} Rd8 {[%clk 00:31:17]}
21. Ba1 {[%clk 00:29:27]} Bc8 {[%clk 00:31:17]} 22. Rb5 {[%clk 00:28:29]} Qc6
{[%clk 00:31:16]} 23. Bxd4 {[%clk 00:25:37]} Rh6 {[%clk 00:28:42]} 24. Bxg7+
{[%clk 00:25:57]} Kxg7 {[%clk 00:29:02]} 25. Qg5+ {[%clk 00:26:18]} Rg6 {[%clk
00:26:30]} 26. Qxd8 {[%clk 00:25:29]} Bh3 {[%clk 00:25:40]} 27. Be4 {[%clk
00:24:09]} Qxc4 {[%clk 00:25:24]} 28. Rxh5 {[%clk 00:18:17]} Rxg3+ {[%clk
00:25:38]} 29. fxg3 {[%clk 00:18:25]} Qd4+ {[%clk 00:25:53]} 30. Kh1 {[%clk
00:18:14]} 1-0

[Event "DVM U14 2021"]
[Site "Willingen GER"]
[Date "2022.08.14"]
[Round "3"]
[White "Martin Fernandez, Rafael"]
[Black "Schaudienst, Arvid"]
[Result "1-0"]
[Termination "normal"]
[Board "7.3"]
[WhiteElo "1645"]
[BlackElo "1376"]
[WhiteClock "00:29:49"]
[BlackClock "00:45:02"]
[WhiteTeam "SC Erlangen 48/88"]
[BlackTeam "TSG Oberschöneweide"]
[PlyCount "61"]
[WhiteFideId "34605550"]
[BlackFideId "16266943"]
[EventCountry "GER"]
[EventRounds "7"]
[EventType "team-swiss"]
[EventDate "2022.08.12"]

1. e4 {[%clk 01:30:53]} c5 {[%clk 01:30:57]} 2. Nf3 {[%clk 01:31:16]} d6 {[%clk
01:30:54]} 3. d4 {[%clk 01:31:39]} cxd4 {[%clk 01:31:12]} 4. Nxd4 {[%clk
01:32:04]} Nf6 {[%clk 01:31:20]} 5. Nc3 {[%clk 01:32:25]} g6 {[%clk 01:30:56]}
6. Be3 {[%clk 01:32:48]} Bg7 {[%clk 01:30:29]} 7. f3 {[%clk 01:32:15]} O-O
{[%clk 01:28:55]} 8. Qd2 {[%clk 01:32:37]} Nc6 {[%clk 01:26:39]} 9. g4 {[%clk
01:30:38]} Bd7 {[%clk 01:25:36]} 10. O-O-O {[%clk 01:30:20]} Rc8 {[%clk
01:23:51]} 11. Kb1 {[%clk 01:30:35]} Re8 {[%clk 01:21:43]} 12. g5 {[%clk
01:29:25]} Nh5 {[%clk 01:21:46]} 13. Nce2 {[%clk 01:22:51]} Ne5 {[%clk
01:18:59]} 14. Ng3 {[%clk 01:10:10]} Qb6 {[%clk 01:16:44]} 15. Be2 {[%clk
01:07:47]} Nc4 {[%clk 01:17:06]} 16. Bxc4 {[%clk 01:08:07]} Rxc4 {[%clk
01:17:33]} 17. Nb3 {[%clk 01:07:24]} Qc7 {[%clk 01:17:42]} 18. Nxh5 {[%clk
01:07:45]} gxh5 {[%clk 01:13:56]} 19. Rhg1 {[%clk 01:06:13]} Rc8 {[%clk
01:13:48]} 20. c3 {[%clk 01:04:53]} Ba4 {[%clk 01:05:22]} 21. Rc1 {[%clk
00:48:05]} a5 {[%clk 01:05:09]} 22. Bd4 {[%clk 00:35:45]} Bxd4 {[%clk
01:05:30]} 23. Nxd4 {[%clk 00:33:29]} Qb6 {[%clk 01:03:01]} 24. Nf5 {[%clk
00:16:41]} R8c7 {[%clk 01:01:35]} 25. g6 {[%clk 00:10:49]} fxg6 {[%clk
01:01:43]} 26. Qh6 {[%clk 00:07:14]} e6 {[%clk 00:44:30]} 27. Nd4 {[%clk
00:01:31]} Bd7 {[%clk 00:44:08]} 28. Rxg6+ {[%clk 00:00:44]} hxg6 {[%clk
00:44:33]} 29. Qxg6+ {[%clk 00:00:39]} Kf8 {[%clk 00:44:48]} 30. Qf6+ {[%clk
00:00:54]} Ke8 {[%clk 00:45:02]} 31. Rg1 {[%clk 00:29:49]} 1-0